Actors / Actresses Chain #14 - TV Show Edition - Statistics

General Stats
  • This quiz has been taken 53 times
  • The average score is 10 of 38
Answer Stats
Answer Hint % Correct
Katey Sagal Married... with Children
55%
Katey Sagal 8 Simple Rules
55%
Kaley Cuoco 8 Simple Rules
48%
Kaley Cuoco The Big Bang Theory
48%
Johnny Galecki The Big Bang Theory
45%
Johnny Galecki Roseanne
45%
Ray Romano Everybody Loves Raymond
43%
Ray Romano The King of Queens
43%
David Schwimmer Friends
41%
David Schwimmer Intelligence
41%
Ed O'Neill Married... with Children
41%
Jason Alexander Seinfeld
36%
Jason Alexander E/R
36%
Sarah Chalke Roseanne
32%
Sarah Chalke Scrubs
32%
Jerry Stiller The King of Queens
30%
Jerry Stiller Seinfeld
30%
Patricia Heaton The Middle
27%
Patricia Heaton Everybody Loves Raymond
27%
Terry Crews Everybody Hates Chris
23%
Terry Crews Brooklyn Nine-Nine
23%
Chris Rock Fargo
16%
Chris Rock Everybody Hates Chris
16%
Andre Braugher Brooklyn Nine-Nine
14%
Andre Braugher Men of a Certain Age
14%
Scott Bakula Men of a Certain Age
11%
Scott Bakula NCIS: New Orleans
11%
Elliott Gould E/R
9%
Elliott Gould Friends
9%
Gary Cole American Gothic
9%
Juno Temple Ted Lasso
9%
Juno Temple Fargo
9%
Neil Flynn Scrubs
9%
Neil Flynn The Middle
9%
Nick Mohammed Intelligence
7%
Nick Mohammed Ted Lasso
7%
Lucas Black NCIS: New Orleans
5%
Lucas Black American Gothic
5%
No matching quizzes found
Score Distribution
Percent of People with Each Score
Percentile by Number Answered
Your Score History
You have not taken this quiz